Представление документа в формате RUSMARC

ПолеНазваниеЗначение
  Тип записи a
  Библиографический уровень m
001 Контрольный номер RU/SLIB/B/210784864
005 Дата корректировки 20201206204424.4
010 Индекс ISBN __
a ISBN 5-8189-0400-8
d Цена 76-00
101 Язык документа __
a Язык текста rus
c Язык оригинала rus
200 Заглавие и сведения об ответственности __
a Заглавие Временщики и фаворитки
f Первые сведения об ответственности Кондратий Биркин
b Общее обозначение материала Текст
h Номер части Кн. 2
210 Выходные данные __
a Место издания М.
c Издательство Гелеос
d Дата издания 2005
215 Физическое описание __
a Объем 320 с.
330 Аннотация __
a Аннотация О значении любви в истории, о фаворитах и фаворитках, волею судеб оказавшихся приближенными к царствовавшим особам русского и западноевропейского дворов и во многом определившим политику государств.
600 Персоналии __
a Персоналии (Фамилия) Иван
600 Персоналии __
a Персоналии (Фамилия) Иван Грозный
c Дополнение к имени царь
600 Персоналии __
a Персоналии (Фамилия) Федор Иванович
c Дополнение к имени царь
600 Персоналии __
a Персоналии (Фамилия) Годуновы
600 Персоналии __
a Персоналии (Фамилия) Шуйский, В. И.
c Дополнение к имени царь русский
f Даты 1552-1612
g Полное имя Василий Иванович
600 Персоналии __
a Персоналии (Фамилия) Василий
600 Персоналии __
a Персоналии (Фамилия) Василий Шуйский
600 Персоналии __
a Персоналии (Фамилия) Сигизмунд
c Дополнение к имени король Польский
600 Персоналии __
a Персоналии (Фамилия) Филипп
c Дополнение к имени король Испанский
600 Персоналии __
a Персоналии (Фамилия) Ришелье
c Дополнение к имени кардинал
600 Персоналии __
a Персоналии (Фамилия) Мазарини Д.
c Дополнение к имени кардинал
600 Персоналии __
a Персоналии (Фамилия) Мария Медичи
606 Тематические рубрики __
a Основная рубрика Художественная литература
z Хронологическая подрубрика 16 в. ; 17 в. ; 18 в.; 19 в.
y Географическая подрубрика Россия; Европа
606 Тематические рубрики __
a Основная рубрика Русская литература в целом (произведения)
610 Ключевые слова __
a Ключевые слова фаворитки; историческая проза; фавориты; любовники; общественная нравственность; супружеские измены; супружеские отношения; супружество; короли; королевы; императоры; принцессы; цари; средние века; тема истории; придворная жизнь
686 Индексы других классификаций __
a Классификационный индекс 84(2Рос=Рус)1-4
700 Автор _1
a Фамилия Биркин
b Имя К.
4 Код отношения 070
801 Источник записи _0
a Страна RU
b Организация Муниципальное бюджетное учреждение культуры "Централизованная библиотечная система" г. Сургут (Центральная городская библиотека им. А. С. Пушкина)
g Правила каталогизации КиК/Елгина
801 Источник записи _1
a Страна RU
b Организация Муниципальное бюджетное учреждение культуры "Централизованная библиотечная система" г. Сургут (Центральная городская библиотека им. А. С. Пушкина)
g Правила каталогизации КиК/Елгина
852 Данные о местонахождении __
j Шифр хранения 84(2Рос=Рус)1-4
c Каталожный индекс 84(2Рос=Рус)1-4
i Авторский знак Б 64
901 Тип документа __
t Тип документа m
903 Характеристики (МАРС) __
a Дата передачи 20060921
990 Данные о заказе (DOS) __
j Количество экземпляров (DOS) 1
t N записи в КСУ для И/У (DOS) 200610